[Event "Ch Europe (juniors) (under 14)"]
[Site "masterchessopen.com Chalkidiki (Greece)"]
[Round "5"]
[White "Stajner Samo (SLO)"]
[Black "Gonda Laszlo (HUN)"]
[Result "0-1"]
[WhiteElo "2089"]
[BlackElo "2309"]

1.e4 c5 2.Nf3 e6 3.d4 cxd4 4.Nxd4 a6 5.Bd3 g6 6.c4 Bg7 7.Be3 d5 8.cxd5 exd5
9.O-O Ne7 10.Nc3 O-O 11.Qd2 dxe4 12.Bxe4 f5 13.Bc2 f4 14.Bb3+ Kh8 15.Ne4 fxe3
16.fxe3 Nf5 17.Qb4 Nxd4 18.Rxf8+ Qxf8 19.Nd6 Nbc6 {#R} 0-1

[Event "Ch Hungary (team) 2000/01"]
[Site "masterchessopen.com Hungary"]
[Round "7"]
[White "Maiztequi Casas Lincoln (URU)"]
[Black "Papp Gabor (HUN)"]
[Result "1-0"]
[WhiteElo "2261"]
[BlackElo "2318"]

1.e4 c5 2.Nf3 e6 3.d4 cxd4 4.Nxd4 a6 5.Bd3 Qb6 6.c3 Bc5 7.O-O Bxd4 8.cxd4 Qxd4
9.Nc3 Nf6 10.Be3 Qb4 11.e5 Ng4 12.Ne4 Nxe5 13.Bc5 Qa5 14.b4 Qa3 15.Nd6+ Kd8
16.Be4 Nbc6 17.f4 Rb8 18.fxe5 Nxe5 19.Qd4 f6 20.Qxe5 fxe5 21.Bb6+ Ke7 22.Rf7+
{#r} 1-0

[Event "Ch Hungary (team) 2000/01 (2 liga)"]
[Site "masterchessopen.com Hungary"]
[Round "8"]
[White "Horvath Andras (HUN)"]
[Black "Malishov B (RUS)"]
[Result "1-0"]
[WhiteElo "2299"]
[BlackElo "2320"]

1.e4 c5 2.Nf3 e6 3.d4 cxd4 4.Nxd4 a6 5.Bd3 g6 6.c4 Bg7 7.Nb3 d6 8.O-O Nf6
9.Nc3 Qc7 10.Qe2 Nbd7 11.Be3 b6 12.Rac1 Bb7 13.f4 O-O 14.h3 Rad8 15.Bb1 Rfe8
16.Nd2 Bc6 17.b4 Qb7 18.b5 {#r} 1-0

[Event "Ch Poland (team) (juniors) (under 20) (2 div)"]
[Site "masterchessopen.com Krynica (Poland)"]
[Round "6"]
[White "Leks Hanna (POL)"]
[Black "Przezdziecka Ewa (POL)"]
[Result "0-1"]
[WhiteElo "2202"]
[BlackElo "2155"]

1.e4 c5 2.Nf3 e6 3.d4 cxd4 4.Nxd4 a6 5.Bd3 Nf6 6.O-O Nc6 7.Nxc6 dxc6 8.c4 Bc5
9.Qe2 Qc7 10.Kh1 e5 11.f4 Bg4 12.Qc2 O-O-O 13.h3 Nh5 14.hxg4 Ng3+ 15.Kh2 Nxf1+
16.Bxf1 exf4 17.Nc3 Qe7 18.g3 fxg3+ 19.Kxg3 h5 20.g5 h4+ {#R} 0-1

[Event "It (open) \"]
[Site "masterchessopen.com Lisbon (Portugal)"]
[Round "1"]
[White "Padeiro Jose (POR)"]
[Black "Reinaldo Castineira Roi (ESP)"]
[Result "0-1"]
[WhiteElo "2192"]
[BlackElo "2383"]

1.e4 c5 2.Nf3 e6 3.d4 cxd4 4.Nxd4 a6 5.Bd3 Nf6 6.O-O Qc7 7.Nc3 b5 8.a3 Bb7
9.Qe2 Nc6 10.Nxc6 Qxc6 11.Bd2 Bc5 12.Kh1 Bd4 13.Rae1 O-O 14.f4 d6 15.Rf3 g6
16.Rh3 d5 17.Qf3 Bxc3 18.Bxc3 dxe4 19.Qg3 exd3 20.Bxf6 dxc2 {#R} 0-1

[Event "Mind Sports Olympiad"]
[Site "masterchessopen.com London (England)"]
[Round "6"]
[White "Sowray Peter J (ENG)"]
[Black "Warman Simon (ENG)"]
[Result "1-0"]
[WhiteElo "2310"]
[BlackElo "2137"]

1.e4 c5 2.Nf3 e6 3.d4 cxd4 4.Nxd4 a6 5.Bd3 Bc5 6.Nb3 Ba7 7.Nc3 Nc6 8.Qe2 Nge7
9.Be3 O-O 10.O-O-O b5 11.f4 Qc7 12.e5 f6 13.exf6 Rxf6 14.Ne4 Bxe3+ 15.Qxe3
Rxf4 16.Nd6 Nd5 17.Bxh7+ Kxh7 18.Rxd5 Nb4 19.Rd2 Rh4 20.Qg5 Rc4 21.Ne8 {#r}
1-0

[Event "Ch City (KO-system)"]
[Site "masterchessopen.com Mar del Plata (Argentina)"]
[Round "4"]
[White "Kanefsck Gustavo (ARG)"]
[Black "Loiterstein Mariano (ARG)"]
[Result "1-0"]
[WhiteElo "2396"]
[BlackElo "2244"]

1.e4 c5 2.Nf3 e6 3.d4 cxd4 4.Nxd4 a6 5.Bd3 Qc7 6.O-O Bc5 7.Nb3 Be7 8.f4 d6
9.a4 b6 10.Nc3 Nf6 11.Qe2 Nc6 12.Bd2 O-O 13.Rae1 d5 14.e5 Nd7 15.Bxh7+ Kxh7
16.Qh5+ Kg8 17.Rf3 f6 18.Rh3 Ndxe5 19.fxe5 Nxe5 20.Bf4 Bd6 21.Ree3 Qc4 22.Reg3
{#r} 1-0

[Event "It (cat.2)"]
[Site "masterchessopen.com Miercurea Ciuc (Romania)"]
[Round "8"]
[White "Orso Miklos (HUN)"]
[Black "Lutz Dieter (GER)"]
[Result "1-0"]
[WhiteElo "2359"]
[BlackElo "2053"]

1.e4 c5 2.Nf3 e6 3.d4 cxd4 4.Nxd4 a6 5.Bd3 Qc7 6.O-O Nf6 7.Qe2 d6 8.c4 Nbd7
9.b3 b6 10.Bb2 Bb7 11.Nd2 Be7 12.f4 O-O 13.Rae1 Rfd8 14.Kh1 Nf8 15.Bb1 Rac8
16.N2f3 Re8 17.Ng5 N6d7 18.Qh5 g6 19.Qh6 Bf6 20.Re2 Bg7 21.Qxg7+ Kxg7 22.Nf5+
{#r} 1-0

[Event "It (open)"]
[Site "masterchessopen.com Nice (France)"]
[Round "1"]
[White "Szylar Eric (FRA)"]
[Black "Komljenovic Davor (CRO)"]
[Result "0-1"]
[WhiteElo "2103"]
[BlackElo "2501"]

1.e4 c5 2.Nf3 e6 3.d4 cxd4 4.Nxd4 a6 5.Bd3 Nf6 6.O-O d6 7.Be3 Nbd7 8.Re1 Be7
9.f4 Qc7 10.c4 Nc5 11.Nc3 Nxd3 12.Qxd3 b6 13.f5 Ng4 14.fxe6 fxe6 15.Bf4 O-O
16.Be3 Nxe3 17.Qxe3 Qxc4 18.Nf3 Bb7 19.Rac1 Rad8 20.Re2 Bc6 21.a3 {#R} 0-1

[Event "It (open)"]
[Site "masterchessopen.com Nuernberg (Germany)"]
[Round "1"]
[White "Weissmann Peter (GER)"]
[Black "Kaeppel Roland (GER)"]
[Result "1-0"]
[WhiteElo "1836"]
[BlackElo "2169"]

1.e4 c5 2.Nf3 e6 3.d4 cxd4 4.Nxd4 a6 5.Bd3 Nc6 6.Nxc6 bxc6 7.Be3 d5 8.O-O d4
9.Bf4 Ne7 10.Nd2 Ng6 11.Bg3 e5 12.Nc4 f6 13.f4 exf4 14.Bxf4 Nxf4 15.Rxf4 Be6
16.Qe2 Bc5 17.Qh5+ {#r} 1-0

[Event "Ch World (juniors) (under 14)"]
[Site "masterchessopen.com Oropesa (Spain)"]
[Round "6"]
[White "Mamedov Rauf (AZE)"]
[Black "Kuparadze Giga (GEO)"]
[Result "1-0"]
[WhiteElo "2354"]
[BlackElo "2135"]

1.e4 c5 2.Nf3 e6 3.d4 cxd4 4.Nxd4 a6 5.Bd3 Bc5 6.Nb3 Ba7 7.Nc3 Nc6 8.Qe2 Nge7
9.Bd2 O-O 10.O-O-O f5 11.f4 fxe4 12.Nxe4 Nd5 13.Rhf1 {#r} 1-0

[Event "Cup European Club (final)"]
[Site "masterchessopen.com Panormo (Greece)"]
[Round "3"]
[White "Tseitlin Mark D (ISR)"]
[Black "Forman Stepan (CZE)"]
[Result "1-0"]
[WhiteElo "2493"]
[BlackElo "2246"]

1.e4 c5 2.Nf3 e6 3.d4 cxd4 4.Nxd4 a6 5.Bd3 Qc7 6.O-O Nf6 7.Qe2 d6 8.c4 Nbd7
9.f4 Nc5 10.Bc2 e5 11.Nf5 Bxf5 12.exf5 Be7 13.Nc3 O-O 14.g4 Qb6 15.g5 Nce4+
16.Be3 Qxb2 17.Nxe4 Nxe4 18.f6 Nc3 19.Bxh7+ {#r} 1-0

[Event "It (open)"]
[Site "masterchessopen.com Polanica Zdroj (Poland)"]
[Round "8"]
[White "Ginzburg Mikhail (BLR)"]
[Black "Jedryczka Krystian (POL)"]
[Result "0-1"]
[WhiteElo "2312"]
[BlackElo "2322"]

1.e4 c5 2.Nf3 e6 3.d4 cxd4 4.Nxd4 a6 5.Bd3 Qb6 6.Nb3 Qc7 7.O-O Nf6 8.Nc3 d6
9.a4 b6 10.f4 Nc6 11.Be3 Be7 12.Qf3 Bb7 13.Rae1 O-O 14.g4 Nb4 15.g5 Nd7 16.Qg4
f5 17.exf5 Nxd3 18.f6 Nxe1 19.Rxe1 Qc6 {#R} 0-1

[Event "Ch Germany (seniors) (team)"]
[Site "masterchessopen.com Rheda (Germany)"]
[Round "6"]
[White "Rosen Willy (GER)"]
[Black "Jugow Alexander (GER)"]
[Result "1-0"]
[WhiteElo "2315"]
[BlackElo "2236"]

1.e4 c5 2.Nf3 e6 3.d4 cxd4 4.Nxd4 a6 5.Bd3 Nf6 6.O-O Qc7 7.Kh1 d6 8.b3 e5
9.Ne2 Nc6 10.Bb2 Be7 11.c4 O-O 12.Nbc3 Nb4 13.Rc1 Qb6 14.Bb1 a5 15.Ng3 g6
16.h3 Bd7 17.f4 exf4 18.Rxf4 Qe3 19.Nce2 g5 20.Rf3 Qxf3 21.gxf3 Bxh3 22.Nd4
{#r} 1-0

[Event "It (open)"]
[Site "masterchessopen.com Vlissingen (Netherlands)"]
[Round "2"]
[White "Van Loon Eric (NED)"]
[Black "Caoili Arianne (AUS)"]
[Result "0-1"]
[WhiteElo "2068"]
[BlackElo "2257"]

1.e4 c5 2.Nf3 e6 3.d4 cxd4 4.Nxd4 a6 5.Bd3 Bc5 6.Nb3 Be7 7.Qg4 g6 8.Qe2 d6
9.O-O Nd7 10.Nc3 Qc7 11.a4 b6 12.Bd2 Bb7 13.Rae1 h5 14.f4 Ngf6 15.f5 gxf5
16.exf5 e5 17.a5 Rg8 18.Ne4 Rg4 19.Rf4 exf4 20.axb6 Qxb6+ 21.Kh1 Ne5 22.Ba5
Qc6 {#R} 0-1

[Event "Ch Germany (juniors) (under 12)"]
[Site "masterchessopen.com Willingen (Germany)"]
[Round "3"]
[White "Knickel Aaron (GER)"]
[Black "Brener Ilja (GER)"]
[Result "0-1"]
[WhiteElo "2159"]
[BlackElo "2401"]

1.e4 c5 2.Nf3 e6 3.d4 cxd4 4.Nxd4 a6 5.Bd3 Nf6 6.O-O Qc7 7.c4 d6 8.Nc3 Nbd7
9.Be3 b6 10.Qe2 Bb7 11.Kh1 Be7 12.f4 Rc8 13.Bd2 O-O 14.Rae1 e5 15.Nf5 Rfe8
16.Nd5 Nxd5 17.exd5 Bf8 18.Qg4 Nf6 19.Qg5 Kh8 20.Rf3 e4 21.Bc3 exf3 {#R} 0-1

[Event "Ch Germany (juniors) (under 16)"]
[Site "masterchessopen.com Willingen (Germany)"]
[Round "4"]
[White "Werner Daniel (GER)"]
[Black "Braun Arik (GER)"]
[Result "1-0"]
[WhiteElo "2092"]
[BlackElo "2229"]

1.e4 c5 2.Nf3 e6 3.d4 cxd4 4.Nxd4 a6 5.Bd3 Nc6 6.Be3 Qc7 7.O-O Nf6 8.Nxc6 bxc6
9.f4 e5 10.Nd2 exf4 11.Bxf4 Bd6 12.Bxd6 Qxd6 13.e5 Qd4+ 14.Kh1 Ng4 15.Qe2 O-O
16.Nb3 Qa4 17.c4 Nh6 18.Qe4 g6 19.Qf4 Kg7 20.Qf6+ Kg8 21.Rf4 {#r} 1-0

[Event "Ch Poland (juniors) (under 18)"]
[Site "masterchessopen.com Zakopane (Poland)"]
[Round "9"]
[White "Jakubowski Marcin (POL)"]
[Black "Paterek Michal (POL)"]
[Result "1-0"]
[WhiteElo "2239"]
[BlackElo "2180"]

1.e4 c5 2.Nf3 e6 3.d4 cxd4 4.Nxd4 a6 5.Bd3 Qc7 6.O-O Nf6 7.Qe2 d6 8.Nd2 Be7
9.f4 Nbd7 10.N2f3 Nc5 11.Kh1 e5 12.Nb3 Nxd3 13.cxd3 Be6 14.Bd2 Bxb3 15.axb3
exf4 16.Rac1 Qb6 17.Bc3 O-O 18.Nd4 Rae8 19.Nf5 g6 20.Nxe7+ {#r} 1-0

[Event "It (blitz)"]
[Site "masterchessopen.com Andorra"]
[Round "1"]
[White "De La Riva Aguado Oscar (AND)"]
[Black "Gallego Ruben (AND)"]
[Result "1-0"]
[WhiteElo "2525"]
[BlackElo "2281"]

1.e4 c5 2.Nf3 e6 3.d4 cxd4 4.Nxd4 a6 5.Bd3 Nf6 6.O-O d6 7.c4 Be7 8.Nc3 O-O
9.Qe2 Nbd7 10.f4 Qc7 11.Nf3 g6 12.e5 Nh5 13.Bd2 b6 14.Be4 Rb8 15.Kh1 Nc5
16.Bc2 Bb7 17.Rad1 {#r} 1-0

[Event "It (open)"]
[Site "masterchessopen.com Bad Zwesten (Germany)"]
[Round "1"]
[White "Bosse Volkmar (GER)"]
[Black "Farago Ivan (HUN)"]
[Result "0-1"]
[WhiteElo "2035"]
[BlackElo "2483"]

1.e4 c5 2.Nf3 e6 3.d4 cxd4 4.Nxd4 a6 5.Bd3 Nf6 6.O-O Qc7 7.Nd2 d6 8.N2f3 Nbd7
9.Bg5 Be7 10.Nb3 b6 11.Re1 Bb7 12.Rc1 O-O 13.Qe2 Rfe8 14.Nfd2 h6 15.Bh4 Nxe4
16.Bxe7 Nxd2 17.Bxd6 Qc6 {#R} 0-1

[Event "It (open) \"]
[Site "masterchessopen.com Barcelona (Spain)"]
[Round "6"]
[White "Morcillo Ferran Jordi (ESP)"]
[Black "Ruiz Planas Adelito (ESP)"]
[Result "0-1"]
[WhiteElo "2146"]
[BlackElo "1828"]

1.e4 c5 2.Nf3 e6 3.d4 cxd4 4.Nxd4 a6 5.Bd3 Qc7 6.O-O Nf6 7.Qe2 d6 8.c4 Be7
9.b3 Nc6 10.Nxc6 bxc6 11.f4 e5 12.f5 Bb7 13.Nc3 d5 14.Bg5 Nxe4 15.Bxe4 Bxg5
16.Bc2 f6 17.h4 Bh6 18.Rad1 Rd8 19.Na4 c5 20.Qh5+ Ke7 21.Qe2 d4 22.Be4 Be3+
{#R} 0-1

[Event "It (open)"]
[Site "masterchessopen.com Biel (Switzerland)"]
[Round "1"]
[White "Ulibin Mikhail (RUS)"]
[Black "Meyer Bernhard (SUI)"]
[Result "1-0"]
[WhiteElo "2581"]
[BlackElo "2231"]

1.e4 c5 2.Nf3 e6 3.d4 cxd4 4.Nxd4 a6 5.Bd3 Nf6 6.O-O Qc7 7.Qe2 d6 8.c4 Bd7
9.Nc3 Nc6 10.Nxc6 Bxc6 11.Nd5 exd5 12.exd5+ Qe7 13.Qf3 Bd7 14.Bg5 h6 15.Bh4
Bg4 16.Qg3 g5 17.Rfe1 Be6 18.dxe6 gxh4 19.exf7+ Kd8 20.Qg6 {#r} 1-0

[Event "Ch Portugal (1/2 final) (play-off)"]
[Site "masterchessopen.com Canenas (Portugal)"]
[Round "2"]
[White "Padeiro Jose (POR)"]
[Black "Galego Luis (POR)"]
[Result "0-1"]
[WhiteElo "2213"]
[BlackElo "2518"]

1.e4 c5 2.Nf3 e6 3.d4 cxd4 4.Nxd4 a6 5.Bd3 Qc7 6.O-O Nf6 7.Kh1 Bc5 8.Nb3 Ba7
9.c4 h5 10.Qe2 Nc6 11.f3 h4 12.Nc3 Nh5 13.Be3 Ng3+ 14.hxg3 hxg3+ 15.Kg1 Qf4
{#R} 0-1

[Event "Bundesliga (2nd) East 2001/02"]
[Site "masterchessopen.com Germany"]
[Round "8"]
[White "Beuchler Holger (GER)"]
[Black "Palek Miroslav (GER)"]
[Result "1-0"]
[WhiteElo "2146"]
[BlackElo "2246"]

1.e4 c5 2.Nf3 e6 3.d4 cxd4 4.Nxd4 a6 5.Bd3 Bc5 6.Nb3 Ba7 7.Qe2 Nc6 8.Be3 Bxe3
9.Qxe3 Nf6 10.e5 Ng4 11.Qg3 Ngxe5 12.Qxg7 Nxd3+ 13.cxd3 Rf8 14.Nc3 d5 15.O-O
Qd6 16.Nd4 Ne7 17.Rac1 Bd7 18.Rfe1 Rc8 19.Qf6 Rg8 20.f4 Qb6 21.Qxe7+ Kxe7
22.Nxd5+ {#r} 1-0

[Event "Ch Club Estacada"]
[Site "masterchessopen.com Montevideo (Uruguay)"]
[Round "1"]
[White "Curi Gabriel (URU)"]
[Black "Ferreira Luis (URU)"]
[Result "1-0"]
[WhiteElo "2271"]
[BlackElo "1999"]

1.e4 c5 2.Nf3 e6 3.d4 cxd4 4.Nxd4 a6 5.Bd3 Qc7 6.O-O Nc6 7.Nxc6 Qxc6 8.c4 b6
9.Nc3 Bb7 10.Qe2 Bc5 11.Nd5 Ne7 12.b4 exd5 13.exd5 Qf6 14.bxc5 bxc5 15.Bb2 Qd6
16.Be5 Qh6 17.Rab1 O-O-O 18.Qb2 {#r} 1-0

[Event "Ch Europe (juniors) (under 16) (g)"]
[Site "masterchessopen.com Peniscola (Spain)"]
[Round "6"]
[White "Doibani Lilia (MDA)"]
[Black "Kursova Maria (RUS)"]
[Result "1-0"]
[WhiteElo "2017"]
[BlackElo "2251"]

1.e4 c5 2.Nf3 e6 3.d4 cxd4 4.Nxd4 a6 5.Bd3 Bc5 6.Nb3 Be7 7.Qe2 d6 8.O-O Qc7
9.Be3 Nf6 10.Nc3 b5 11.a4 b4 12.Na2 Nc6 13.a5 Nd7 14.Nd4 Rb8 15.Bxa6 Bxa6
16.Qxa6 Nxd4 17.Bxd4 O-O 18.c3 bxc3 19.Nxc3 Nc5 20.Qc4 Qb7 {#r} 1-0

[Event "Ch Europe (juniors) (under 16) (g)"]
[Site "masterchessopen.com Peniscola (Spain)"]
[Round "3"]
[White "Sebag Marie (FRA)"]
[Black "Burtasova Anna (RUS)"]
[Result "1-0"]
[WhiteElo "2403"]
[BlackElo "2138"]

1.e4 c5 2.Nf3 e6 3.d4 cxd4 4.Nxd4 a6 5.Bd3 Nf6 6.O-O d6 7.b3 Be7 8.Bb2 Bd7
9.f4 Nc6 10.Nxc6 Bxc6 11.Nd2 Rc8 12.Qf3 e5 13.Qg3 O-O 14.Kh1 d5 15.f5 g6
16.exd5 Qxd5 17.Rae1 Nh5 18.Qh3 Bb4 19.Re2 Rce8 20.f6 Bxd2 21.Rxd2 e4 22.Bc3
{#r} 1-0

[Event "Ch Europe (juniors) (under 18) (g)"]
[Site "masterchessopen.com Peniscola (Spain)"]
[Round "1"]
[White "Coddens Barbara (BEL)"]
[Black "Bashkite Viktoria (EST)"]
[Result "0-1"]
[WhiteElo "1632"]
[BlackElo "2130"]

1.e4 c5 2.Nf3 e6 3.d4 cxd4 4.Nxd4 a6 5.Bd3 g6 6.c3 Bg7 7.Qb3 d6 8.Be3 Nf6
9.Nd2 Ng4 10.Qa4+ Nd7 11.Nb5 O-O 12.Nxd6 Nxe3 13.fxe3 Nc5 14.Qc2 Qxd6 15.Be2
b5 16.Rd1 Qb6 17.Nf3 Bb7 18.e5 Be4 19.Qc1 Bxf3 20.Bxf3 Rad8 21.b4 Nd3+ 22.Rxd3
Rxd3 {#R} 0-1

[Event "Ch Europe (juniors) (under 18) (g)"]
[Site "masterchessopen.com Peniscola (Spain)"]
[Round "6"]
[White "Skrochocka Justyna (POL)"]
[Black "Roelli Corinne (SUI)"]
[Result "1-0"]
[WhiteElo "2109"]
[BlackElo "2022"]

1.e4 c5 2.Nf3 e6 3.d4 cxd4 4.Nxd4 a6 5.Bd3 Nf6 6.O-O d5 7.e5 Nfd7 8.Qe2 Qc7
9.Re1 Nc6 10.Nf3 Bc5 11.Bf4 O-O 12.Bxh7+ Kh8 13.Bd3 f6 14.Ng5 Bxf2+ 15.Kxf2
fxg5 16.Qh5+ Kg8 17.Bh7+ {#r} 1-0

[Event "It (open)"]
[Site "masterchessopen.com Saint Chely d'Aubrac (France)"]
[Round "2"]
[White "Mrdja Milan (CRO)"]
[Black "Laine Patrice (FRA)"]
[Result "1-0"]
[WhiteElo "2346"]
[BlackElo "2062"]

1.e4 c5 2.Nf3 e6 3.d4 cxd4 4.Nxd4 a6 5.Bd3 Qc7 6.c4 Ne7 7.f4 Nbc6 8.Nb3 d6
9.Nc3 Nb4 10.Be2 b6 11.Be3 Bb7 12.a3 Nbc6 13.Rc1 Rd8 14.O-O g6 15.Nd5 exd5
16.cxd5 Bg7 17.dxc6 Nxc6 18.Nd4 b5 19.a4 O-O 20.Nxc6 Bxc6 21.axb5 {#r} 1-0

[Event "It (open) \"]
[Site "masterchessopen.com Schwabisch Gmund (Germany)"]
[Round "6"]
[White "Buchele Sidonia (GER)"]
[Black "Meijers Viesturs (LAT)"]
[Result "0-1"]
[WhiteElo "2206"]
[BlackElo "2427"]

1.e4 c5 2.Nf3 e6 3.d4 cxd4 4.Nxd4 a6 5.Bd3 Qc7 6.O-O Nf6 7.Nc3 b5 8.a3 Bb7
9.Re1 d6 10.Kh1 Be7 11.f4 Nbd7 12.e5 dxe5 13.fxe5 Nxe5 14.Bxb5+ axb5 15.Ncxb5
Qb8 16.Bf4 Nfd7 17.Bxe5 Nxe5 18.Qh5 Ng6 19.Nxe6 fxe6 20.Rxe6 O-O {#R} 0-1

[Event "It (open)"]
[Site "masterchessopen.com Sevilla (Spain)"]
[Round "2"]
[White "Perez Perez Manuel (ESP)"]
[Black "Spraggett Kevin (CAN)"]
[Result "0-1"]
[WhiteElo "2044"]
[BlackElo "2526"]

1.e4 c5 2.Nf3 e6 3.d4 cxd4 4.Nxd4 a6 5.Bd3 Nf6 6.c4 Nc6 7.Nxc6 dxc6 8.O-O e5
9.Nc3 Bc5 10.Kh1 Ng4 11.Qf3 Qh4 12.h3 Nxf2+ 13.Rxf2 Qxf2 14.Qxf2 Bxf2 15.Bd2
Be6 16.Rf1 Ba7 17.Bg5 f6 18.Bh4 O-O-O 19.Rf3 Rd7 20.Be1 Rhd8 21.Be2 Kb8 22.b3
b5 {#R} 0-1

[Event "It (open) \"]
[Site "masterchessopen.com Tatranske Zruby (Slovakia)"]
[Round "4"]
[White "Rigo Zsolt (SVK)"]
[Black "Spik Peter (SVK)"]
[Result "1-0"]
[WhiteElo "2394"]
[BlackElo "2139"]

1.e4 e6 2.d4 c5 3.Nf3 cxd4 4.Nxd4 a6 5.Bd3 Nc6 6.Nxc6 dxc6 7.Nd2 Nf6 8.O-O Be7
9.e5 Nd5 10.Qg4 g6 11.Ne4 b5 12.Bg5 Bxg5 13.Nxg5 h5 14.Qg3 Qe7 15.Rac1 h4
16.Qg4 Rh5 17.Nxf7 {#r} 1-0

[Event "It (open)"]
[Site "masterchessopen.com Zurich (Switzerland)"]
[Round "1"]
[White "Jenni Florian (SUI)"]
[Black "Peschel Andreas (GER)"]
[Result "1-0"]
[WhiteElo "2516"]
[BlackElo "2164"]

{ Jenni Florian (SUI) +2 =1 -1 Peschel Andreas (GER) +0 =0 -1 } 1.e4 c5 2.Nf3
e6 3.d4 cxd4 4.Nxd4 a6 5.Bd3 Qc7 6.O-O Nf6 7.Qe2 d6 8.c4 Be7 9.Nc3 b6 { ? }
10.f4 Nbd7 ( 10...Bb7 11.f5 e5 12.Nc2 Nbd7 13.Bg5 h6 14.Bxf6 Nxf6 15.Ne3 Bc6
16.Rac1 Qb7 17.Ned5 Nxd5 18.Nxd5 Bd8 19.Kh1 h5 20.b3 { ...1-0, Grafl
Florian(2373) - Meister Yakov(2471), Pardubice 2001 It (open) } ) 11.Nf3 (
11.Kh1 O-O 12.Bd2 Re8 13.Nf3 Bb7 14.Rae1 g6 15.e5 Nh5 16.Be4 Bxe4 17.Qxe4 dxe5
18.fxe5 Nc5 19.Qe2 Rad8 20.Ng5 Rf8 { ...1-0, Santo Roman Marc(2485) -
Heurtebize Olivier(2205), France 1995 Ch France (team) } ) ( 11.b3 Bb7 12.Bb2
g6 13.Kh1 e5 14.Nc2 exf4 15.Rxf4 Nh5 16.Rf2 O-O 17.Ne3 Bh4 18.Nf5 Bf6 19.Raf1
Rae8 20.Nh6+ Kg7 { ...1-0, Bruzon Lazaro(2345) - Perdomo Carlos Andres(2435),
Habana 1997 Memorial J.Capablanca (d) } ) 11...Bb7 12.e5 ( 12.Bd2 O-O 13.Rae1
Rac8 14.Kh1 g6 15.Ng5 Rfe8 16.e5 Nh5 17.Nxf7 Kxf7 18.f5 exf5 19.e6+ Kg8
20.exd7 Qxd7 21.Bxf5 Ng3+ { ...1/2-1/2, Mari Arul S(2325) - Kunte
Abhijit(2345), Kasaragod 1996 Ch India } ) 12...Ng4 { +0,00 CAP } ( 12...dxe5
13.fxe5 Ng4 14.Bf4 g5 15.Nxg5 Ndxe5 16.Be4 Bxe4 17.Ncxe4 Qxc4 18.Qxc4 Nxc4
19.Rac1 b5 20.b3 Nb6 21.Bd6 Bxg5 22.Nxg5 { ...1/2-1/2, Magem Badals
Jordi(2570) - Hellsten Johan(2490), Yerevan 1996 Olympiad } ) 13.exd6 { N } (
13.h3 Nh6 14.exd6 Qxd6 15.Be3 O-O 16.Rad1 Qc7 17.Kh1 Nc5 18.Bb1 Rad8 19.Nd4 g6
20.a3 Nd7 21.Bg1 Nf6 22.Bh2 Nf5 { ...1/2-1/2, Wahls Matthias(2460) -
Dizdarevic Emir(2495), Bad Woerishofen 1988 It (open) } ) 13...Bxd6 14.Nd5 {
-0,51 } ( 14.Ng5 { !? } 14...Nc5 15.Bxh7 Nxh2 16.Kxh2 { -0,26 } ) 14...Qc5+
15.Kh1 O-O { ? +0,13 } ( 15...Kf8 { ! !? } 16.b4 Qc8 17.Nxb6 Nxb6 { -0,51 } )
16.b4 Qc8 17.Ng5 h6 { ?? +2,50 } ( 17...h5 { ! } 18.Nxb6 Nxb6 19.c5 Bc7 {
+0,13 } ) 18.Nxe6 Re8 19.Qxg4 fxe6 { ?? +8,00 } ( 19...Rxe6 { !? } 20.Bf5 h5
21.Qg5 Qd8 { +2,50 } ) 20.Bb2 Bf8 21.Qg6 { +8,00 } {#r} 1-0

[Event "It (open)"]
[Site "masterchessopen.com Miskolc (Hungary)"]
[Date "2002.07.26"]
[Round "4"]
[White "Jurcisin Imrich (SVK)"]
[Black "Mihok Oliver (GER)"]
[Result "1-0"]
[WhiteElo "2152"]
[BlackElo "1897"]

1.e4 c5 2.Nf3 e6 3.d4 cxd4 4.Nxd4 a6 5.Bd3 Nc6 6.Be3 e5 7.Nb3 Nf6 8.Nc3 Be7
9.O-O b5 10.Nd5 Rb8 11.a4 Nb4 12.Nxe7 Nxd3 13.Nxc8 Nxb2 14.Nd6+ Kf8 15.Qd2
Nxa4 16.Qb4 Qe7 17.Rxa4 {#r} 1-0

[Event "It (open)"]
[Site "masterchessopen.com Albacete (Spain)"]
[Round "9"]
[White "Garcia Martinez Silvino (CUB)"]
[Black "Martinez Lozano Miguel Angel (ESP)"]
[Result "1-0"]
[WhiteElo "2374"]
[BlackElo "2163"]

1.e4 c5 2.Nf3 e6 3.d4 cxd4 4.Nxd4 a6 5.Bd3 Qc7 6.O-O Nf6 7.Qe2 d6 8.c4 Bd7
9.Nc3 Be7 10.f4 h5 11.Kh1 Nc6 12.Nxc6 Bxc6 13.Be3 Ng4 14.Bg1 g5 15.Nd5 exd5
16.exd5 Bd7 17.Rae1 Bc8 18.Bb6 {#r} 1-0

[Event "It (open)"]
[Site "masterchessopen.com Avoine (France)"]
[Round "5"]
[White "Le Borgne Pierre (FRA)"]
[Black "Delinotte Axelle (FRA)"]
[Result "1-0"]
[WhiteElo "2181"]
[BlackElo "1862"]

1.e4 c5 2.Nf3 e6 3.d4 cxd4 4.Nxd4 a6 5.Bd3 Nf6 6.O-O Qc7 7.c4 Nc6 8.Nxc6 Qxc6
9.Qe2 d6 10.Nc3 Be7 11.f4 b6 12.e5 Bb7 13.exf6 Bxf6 14.Be4 Qc7 15.Bxb7 Qxb7
16.Nd5 Bd4+ 17.Be3 Bxe3+ 18.Qxe3 Rb8 19.f5 e5 20.f6 {#r} 1-0

[Event "It (open)"]
[Site "masterchessopen.com Bethune (France)"]
[Round "1"]
[White "Golubev Mikhail (UKR)"]
[Black "Israel Gregory (FRA)"]
[Result "1-0"]
[WhiteElo "2520"]
[BlackElo "2149"]

1.e4 c5 2.Nf3 e6 3.d4 cxd4 4.Nxd4 a6 5.Bd3 b5 6.O-O Bb7 7.Qe2 Qc7 8.b3 Nc6
9.Bb2 Nf6 10.Nd2 Bc5 11.Nxc6 Qxc6 12.a4 b4 13.Rac1 O-O 14.c3 bxc3 15.Rxc3 Qd6
16.e5 Qc6 17.Nf3 Nd5 18.Bxh7+ Kh8 19.Rc4 g6 20.Rh4 Be7 21.Qd2 Bxh4 22.Qh6 {#r}
1-0

[Event "Tournament (Elo) (a)"]
[Site "masterchessopen.com Budapest (Hungary)"]
[Round "7"]
[White "Resika Nathan A (USA)"]
[Black "Kubacsny Vilmos (HUN)"]
[Result "1-0"]
[WhiteElo "2245"]
[BlackElo "2123"]

1.e4 c5 2.Nf3 e6 3.d4 cxd4 4.Nxd4 a6 5.Bd3 Qc7 6.O-O Nf6 7.c4 Nc6 8.Nxc6 dxc6
9.Bg5 Be7 10.Nc3 e5 11.Qe2 h6 12.Bh4 g5 13.Bg3 h5 14.f3 Bc5+ 15.Bf2 Bxf2+
16.Qxf2 b5 17.cxb5 axb5 18.Rfc1 Qa7 19.Qxa7 Rxa7 20.Nxb5 {#r} 1-0